000 01323cam a2200325 a 4500
001 12277534
003 OSt
005 20170328145519.0
008 010112s2002 nyua b 001 0 eng
010 _a 2001017605
_z 2001268648
020 _a0471320579
040 _aDLC
_cDLC
_dDLC
050 0 0 _aQC21.3
_b.H35 2002
082 0 0 _a530
_221
_bRES 2002
100 1 _aHalliday, David,
_98105
245 1 0 _aPhysics.
250 _a5th ed. /
_bDavid Halliday, Robert Resnick, Kenneth S. Krane.
260 _aNew York :
_bWiley,
_c2002.
300 _a2 v. :
_bcol.ill ;
_c29 cm.
500 _aResnick's name appears first on v. 1 of the 5th ed.; Halliday's name appears first on v. 2 of the 5th ed.
504 _aIncludes bibliographical references and indexes.
650 0 _aPhysics.
_9809
700 1 _aResnick, Robert,
_d1923-
_97976
700 1 _aKrane, Kenneth S.
_97381
856 4 2 _3Publisher description
_uhttp://www.loc.gov/catdir/description/wiley036/2001017605.html
856 4 _3Table of Contents
_uhttp://www.loc.gov/catdir/toc/onix07/2001017605.html
906 _a7
_bcbc
_corignew
_d1
_eocip
_f19
_gy-gencatlg
942 _2ddc
_cSLOAN
999 _c3782
_d3782